| 000 | 00456nam a2200169Ia 4500 | ||
|---|---|---|---|
| 008 | 231217s9999 xx 000 0 und d | ||
| 020 | _a817881093X | ||
| 041 | _aEnglish | ||
| 082 | _a368.3 SEE.2;1 R | ||
| 100 | _aSeethapathi, K. Murthy, G R K. Jawaharlal, U ed. | ||
| 245 | 0 | _aGroup and health insurance V.2 | |
| 260 |
_c2002 _bICFAI Press _aHyderabad |
||
| 300 | _aiv, 177 | ||
| 500 | _aContent page available | ||
| 650 | _aICFAI | ||
| 942 | _cAA | ||
| 999 |
_c181419 _d181419 |
||